000 00621nam a2200205Ia 4500
003 GCL
005 20240530103737.0
008 140319s9999 xx 000 0 ara d
040 _aGCL /
_cGCL
082 0 4 _a811.5
_bع هـ
100 1 _aعبدالسلام محمد هارون
245 1 0 _aهمزيات ابى تمام /
_cعبدالسلام محمد هارون
490 _aكتاب
_v0
650 0 4 _aالشعر العربى
650 0 4 _aالادب العربى
650 0 4 _aدواوين وقصائد
650 0 4 _aالدولة العباسية الثانية
650 0 4 _aابوتمام
942 _2ddc
_cBK
999 _c42121
_d42121